BSOP header

Hear the children crying / (Record no. 31246)

MARC details
000 -LEADER
fixed length control field 00672nam a2200193 4500
008 - FIXED-LENGTH DATA ELEMENTS--GENERAL INFORMATION
fixed length control field 080423s1978 nju 000 0 eng
020 ## - INTERNATIONAL STANDARD BOOK NUMBER
International Standard Book Number 0800750292 :USD3.95
090 ## - LOCALLY ASSIGNED LC-TYPE CALL NUMBER (OCLC); LOCAL CALL NUMBER (OCLC)
Classification number (OCLC) (R) ; Classification number, CALL (RLIN) (NR) HV741
Local cutter number (OCLC) ; Book number/undivided call number, CALL (RLIN) R63h
100 1# - MAIN ENTRY--PERSONAL NAME
Personal name Rogers, Dale Evans.
245 10 - TITLE STATEMENT
Title Hear the children crying /
Statement of responsibility, etc Dale Evans Rogers, with Frank S. Mead.
260 ## - PUBLICATION, DISTRIBUTION, ETC. (IMPRINT)
Place of publication, distribution, etc Old Tappan, N.J. :
Name of publisher, distributor, etc F. H. Revell Co.,
Date of publication, distribution, etc c1978.
300 ## - PHYSICAL DESCRIPTION
Extent 137 p. ;
Dimensions 22 cm.
650 #4 - SUBJECT ADDED ENTRY--TOPICAL TERM
Topical term or geographic name as entry element Child abuse
Geographic subdivision United States.
650 #4 - SUBJECT ADDED ENTRY--TOPICAL TERM
Topical term or geographic name as entry element Children's rights
Geographic subdivision United States.
650 #4 - SUBJECT ADDED ENTRY--TOPICAL TERM
Topical term or geographic name as entry element Parent and child.
951 ## - EQUIVALENCE OR CROSS-REFERENCE-GEOGRAPHIC NAME/AREA NAME [OBSOLETE] [CAN/MARC only]
General subdivision 00017244
700 1# - ADDED ENTRY--PERSONAL NAME
Personal name Mead, Frank Spencer,
Dates associated with a name 1898-
Relator term joint author.
951 ## - EQUIVALENCE OR CROSS-REFERENCE-GEOGRAPHIC NAME/AREA NAME [OBSOLETE] [CAN/MARC only]
-- 8310
-- HV741/R63h
-- 080423163237905
-- 2000-12-21
-- GC
Holdings
Withdrawn status Lost status Damaged status Not for loan Home library Current library Shelving location Date acquired Accession number Shelving control number Total Checkouts Full call number Barcode Date last seen Price effective from Koha item type
        BSOP Library BSOP Library GC 12/21/2000 8310 127   HV741/R63h 00017244 02/23/2013 02/23/2013 Books
BSOP

Biblical Seminary of the Philippines
  All rights Reserved
  © 2024

CONTACT INFORMATION

Biblical Seminary of the Philippines,
  77-B Karuhatan Road, Valenzuela City,
  PHILIPPINES 1441
  Phone: +632 8292-6795 / 8292-6798
  Fax : +632 8292-6675
  Email: library@bsop.edu.ph